LEADER 01118oam 2200253z- 450 001 9910157788903321 005 20170925210339.0 010 $a0-7918-6136-8 035 $a(CKB)3800000000152208 035 $a(EXLCZ)993800000000152208 100 $a20170116c2015uuuu -u- - 101 0 $aeng 200 00$aUnwritten laws of ethics and change in engineering 210 $cASME Press 311 $a0-7918-6058-2 327 $aHistory of engineering ethics -- The shape of engineering ethics -- Ethical concerns -- Factors influencing ethical values -- Solving ethical problems -- Explain and identify the motivation behind and upcoming change -- Create a vision for the future culture -- Determine how a change will impact processes and people -- Identify employee development needs -- Write a plan for mobilizing an organization. 606 $aEngineering ethics 615 0$aEngineering ethics. 676 $a174/.962 712 02$aAmerican Society of Mechanical Engineers. 906 $aBOOK 912 $a9910157788903321 996 $aUnwritten laws of ethics and change in engineering$92892079 997 $aUNINA